Statistics for 2016 Super Rugby Team Names

Click here to take the quiz!

General Stats

  • This quiz has been taken 289 times
  • The average score is 16 of 18

Answer Stats

CountryTeam% Correct
New ZealandCrusaders
98%
New ZealandBlues
97%
New ZealandHighlanders
95%
New ZealandChiefs
94%
New ZealandHurricanes
93%
AustraliaReds
93%
AustraliaBrumbies
92%
South AfricaBulls
89%
South AfricaSharks
88%
AustraliaWaratahs
88%
AustraliaForce
86%
ArgentinaJaguares
86%
South AfricaLions
84%
AustraliaRebels
84%
South AfricaStormers
83%
South AfricaCheetahs
81%
JapanSunwolves
81%
South AfricaKings
72%

Score Distribution

Percentile by Number Answered

Percent of People with Each Score

Your Score History

You have not taken this quiz